00957nam a2200229 n 4500003000400000005001700004008004100021020002300062040002500085082001700110100004000127242005300167245010000220264005000320300002800370336002100398337002500419338002300444650003000467880007700497880015300574OSt20211228161243.0211228s2020 ii |j 000 1 tam d cRM19.60qpaperback aPPAKbengcPPAKerda04223a894.81131 aCaṅkaraṉ, T.V.,d1949-eauthor. aAyah! kaulah pembimbing saya (Novel pendek)ymay106880-02aPpā! Nīṅkaḷē eṉ vaḻikāṭṭi (kuṟu nāvalkaḷ) /cT.V.Caṅkaraṉ 1aChennai, India :bManimegalai Prasuram,c2020 avi, 100 pages ;c18 cm. 2rdacontentatext 2rdamediaaunmediated 2rdacarrieravolume10aChildren's stories, Tamil1 6100-01aசங்கரன், T.V.,eநூலாசிரியர்.106245-02aப்பா! நீங்களே என் வழிகாட்டி (குறு நாவல்கள்)cT.V.சங்கரன்